[Event "Valasska Bystrice op"]
[Site "Valasska Bystrice"]
[Date "2023.09.15"]
[Round "8"]
[White "Kozelsky, Marek"]
[Black "Fiser, Jiri1111"]
[Result "1-0"]
[WhiteElo "1896"]
[BlackElo "1818"]
[PlyCount "73"]
[EventDate "2023.09.09"]
[EventType "swiss"]
[EventRounds "9"]
[EventCountry "CZE"]
[SourceTitle "EXT 2024"]
[Source "ChessBase"]
[SourceDate "2023.10.10"]
[SourceVersion "1"]
[SourceVersionDate "2023.10.10"]
[SourceQuality "1"]

1. e4 c5 2. Nf3 Nc6 3. Bb5 e6 4. Bxc6 bxc6 5. b3 d5 6. Qe2 Nf6 7. e5 Nd7 8. 0-0 Be7 9. a4 a5 10. d3 0-0 11. Bb2 Re8 12. Nbd2 f5 13. exf6 Bxf6 14. Ne5 Nxe5 15. Bxe5 Bxe5 16. Qxe5 Ra7 17. f4 Rf7 18. Nf3 Rf5 19. Qe3 Qc7 20. g3 d4 21. Qe4 Rd5 22. Rae1 g6 23. Qe2 Kg7 24. Qd2 h6 25. Re4 Rf8 26. Ne5 Ba6 27. Rfe1 Rd6 28. Qe2 Bc8 29. Nc4 Rd5 30. Qd2 g5 31. Rf1 Rdf5 32. Qxa5 Qe7 33. Qe1 gxf4 34. Rexf4 Qg5 35. Rxf5 Rxf5 36. Rxf5 Qxf5 37. Qe5+ 1-0

[Event "Bohumin op-A 6th"]
[Site "Bohumin"]
[Date "2023.07.07"]
[Round "7"]
[White "Tillmann, Stanislav"]
[Black "Kozelsky, Marek"]
[Result "1-0"]
[WhiteElo "1951"]
[BlackElo "1903"]
[PlyCount "61"]
[EventDate "2023.07.01"]
[EventType "swiss"]
[EventRounds "9"]
[EventCountry "CZE"]
[SourceTitle "CBM 215 Extra"]
[Source "ChessBase"]
[SourceDate "2023.09.30"]
[SourceVersion "1"]
[SourceVersionDate "2023.09.30"]
[SourceQuality "1"]

1. e4 e6 2. d3 d5 3. Nd2 Nf6 4. g3 c5 5. Bg2 Nc6 6. Ngf3 Bd6 7. 0-0 0-0 8. Re1 Qc7 9. Nf1 h6 10. h4 Rd8 11. Qe2 dxe4 12. dxe4 e5 13. c3 Be6 14. N3d2 Na5 15. Ne3 Bf8 16. b3 Nc6 17. Bb2 Rd7 18. c4 Nd4 19. Bxd4 exd4 20. Nd5 Qd8 21. Nf3 Nxd5 22. cxd5 Bg4 23. Qc4 Bxf3 24. Bxf3 f6 25. Bg4 b5 26. Qxb5 Rc7 27. e5 fxe5 28. Rxe5 Bd6 29. Re6 Rb8 30. Rxd6 Qf8 31. Qa6 1-0

[Event "Bohumin op-A 6th"]
[Site "Bohumin"]
[Date "2023.07.06"]
[Round "6"]
[White "Kozelsky, Marek"]
[Black "Krajewska, Katarzyna"]
[Result "1/2-1/2"]
[WhiteElo "1903"]
[BlackElo "1997"]
[PlyCount "122"]
[EventDate "2023.07.01"]
[EventType "swiss"]
[EventRounds "9"]
[EventCountry "CZE"]
[SourceTitle "CBM 215 Extra"]
[Source "ChessBase"]
[SourceDate "2023.09.30"]
[SourceVersion "1"]
[SourceVersionDate "2023.09.30"]
[SourceQuality "1"]

1. e4 e6 2. d4 d5 3. Nc3 Nf6 4. Bg5 dxe4 5. Nxe4 Be7 6. Nxf6+ Bxf6 7. Bxf6 Qxf6 8. Nf3 b6 9. Bb5+ c6 10. Bd3 Nd7 11. c3 Bb7 12. 0-0 c5 13. Be2 0-0 14. Qa4 Rfd8 15. Rfd1 a6 16. Rd2 b5 17. Qa5 cxd4 18. Rxd4 e5 19. Rd2 e4 20. Ne1 Nc5 21. Rad1 Rxd2 22. Rxd2 e3 23. fxe3 Ne4 24. Rd1 Qf2+ 25. Kh1 Nd2 26. Nf3 Qxe2 27. Rxd2 Qf1+ 28. Ng1 h5 29. Qc7 Be4 30. Qf4 Qb1 31. a3 Re8 32. Qf2 Re6 33. h3 Rg6 34. Qh4 Bxg2+ 35. Rxg2 Rxg2 36. Kxg2 Qxb2+ 37. Kf3 Qxc3 38. Qd8+ Kh7 39. Qe7 f5 40. Ne2 Qc6+ 41. Kf2 Kh6 42. h4 g6 43. Qf8+ Kh7 44. Qf7+ Kh6 45. Nf4 Qd6 46. Qd5 Qe7 47. Qc6 Qxh4+ 48. Ke2 Qg4+ 49. Kf2 h4 50. Qxa6 Qg3+ 51. Ke2 h3 52. Nxh3 Qxh3 53. Qxb5 Qg2+ 54. Ke1 Qe4 55. Kf2 g5 56. Qb6+ Kh5 57. Qd4 Qc2+ 58. Kg3 Qc7+ 59. Kg2 Qc2+ 60. Kg3 Qc8 61. a4 Qc7+ 1/2-1/2

[Event "Bohumin op-A 6th"]
[Site "Bohumin"]
[Date "2023.07.03"]
[Round "3"]
[White "Kozelsky, Marek"]
[Black "Lojek, Marek"]
[Result "0-1"]
[WhiteElo "1903"]
[BlackElo "2147"]
[PlyCount "120"]
[EventDate "2023.07.01"]
[EventType "swiss"]
[EventRounds "9"]
[EventCountry "CZE"]
[SourceTitle "CBM 215 Extra"]
[Source "ChessBase"]
[SourceDate "2023.09.30"]
[SourceVersion "1"]
[SourceVersionDate "2023.09.30"]
[SourceQuality "1"]

1. d4 Nf6 2. Nf3 c5 3. e3 d5 4. c3 cxd4 5. exd4 Bf5 6. Bf4 Nc6 7. Nbd2 e6 8. Qb3 Qc8 9. Be2 h6 10. h3 Be7 11. 0-0 0-0 12. Ne5 Nxe5 13. Bxe5 Rd8 14. Qd1 Bd6 15. Nf3 Ne4 16. Bd3 f6 17. Bxd6 Nxd6 18. Bxf5 Nxf5 19. Re1 Rd6 20. Re2 b5 21. a3 a5 22. Ne1 Qc7 23. Nd3 Re8 24. Qd2 g5 25. Rae1 Nh4 26. Re3 Ng6 27. Qe2 Qb6 28. Qh5 Kg7 29. f4 Re7 30. f5 Nh4 31. Ne5 fxe5 32. f6+ Kxf6 33. dxe5+ Kg7 34. exd6 Qxd6 35. Qe2 Qc5 36. Qf2 Rf7 37. b4 axb4 38. axb4 Qa7 39. Qg3 Nf5 40. Qe5+ Rf6 41. Kh2 Nxe3 42. Rxe3 Kf7 43. Re2 Qb6 44. Ra2 Rf1 45. Ra8 Qg1+ 46. Kg3 Qf2+ 47. Kh2 Qf4+ 48. Qxf4+ gxf4 49. Rb8 Rc1 50. Rxb5 Rxc3 51. Kg1 Rc2 52. Kf1 Kf6 53. Rb6 d4 54. b5 Rb2 55. Rb8 Kf5 56. Rh8 Rxb5 57. Rxh6 e5 58. Rc6 Rb1+ 59. Ke2 Rb2+ 60. Kf3 e4# 0-1

[Event "Bohumin op-A 6th"]
[Site "Bohumin"]
[Date "2023.07.02"]
[Round "2"]
[White "Rabatin, Jakub"]
[Black "Kozelsky, Marek"]
[Result "1-0"]
[WhiteElo "2273"]
[BlackElo "1903"]
[PlyCount "41"]
[EventDate "2023.07.01"]
[EventType "swiss"]
[EventRounds "9"]
[EventCountry "CZE"]
[SourceTitle "CBM 215 Extra"]
[Source "ChessBase"]
[SourceDate "2023.09.30"]
[SourceVersion "1"]
[SourceVersionDate "2023.09.30"]
[SourceQuality "1"]

1. d4 e6 2. c4 f5 3. Nf3 Nf6 4. g3 d5 5. Bg2 c6 6. 0-0 Be7 7. b3 0-0 8. Ba3 Bxa3 9. Nxa3 Qe7 10. Nc2 Nbd7 11. Rc1 Ne4 12. Nce1 Ng5 13. Qd2 Nxf3+ 14. Nxf3 Qf6 15. Qf4 h6 16. h4 Kh7 17. Rc3 Nc5 18. Qc1 Ne4 19. Rc2 g5 20. hxg5 hxg5 21. Ne5 1-0

[Event "Moravia-Silesia Region-chT 2223"]
[Site "Czech Republic"]
[Date "2022.12.11"]
[Round "5"]
[White "Funiok, Marcel"]
[Black "Kozelsky, Marek"]
[Result "1/2-1/2"]
[WhiteElo "2110"]
[BlackElo "1920"]
[PlyCount "33"]
[EventDate "2022.10.09"]
[EventType "team-tourn"]
[EventRounds "11"]
[EventCountry "CZE"]
[SourceTitle "EXT 2024"]
[Source "ChessBase"]
[SourceDate "2023.10.10"]
[SourceVersion "1"]
[SourceVersionDate "2023.10.10"]
[SourceQuality "1"]
[WhiteTeam "Havirov Banik"]
[BlackTeam "Senov"]
[WhiteTeamCountry "CZE"]
[BlackTeamCountry "CZE"]

1. Nf3 d5 2. d4 e6 3. c4 c6 4. e3 Nf6 5. Nc3 Be7 6. Bd3 Nbd7 7. 0-0 a6 8. b3 b5 9. Bb2 Bb7 10. a3 h6 11. Qe2 0-0 12. Ne5 Nxe5 13. dxe5 Nd7 14. f4 f5 15. exf6 Nxf6 16. cxb5 cxb5 17. b4 1/2-1/2

[Event "CZE-chT2F 1920"]
[Site "Czech Republic"]
[Date "2019.12.01"]
[Round "4.5"]
[White "Frank, Adam"]
[Black "Kozelsky, Marek"]
[Result "1-0"]
[WhiteElo "2223"]
[BlackElo "1988"]
[PlyCount "91"]
[EventDate "2019.10.13"]
[EventType "team-tourn"]
[EventRounds "11"]
[EventCountry "CZE"]
[SourceTitle "EXT 2024"]
[Source "ChessBase"]
[SourceDate "2023.10.10"]
[SourceVersion "1"]
[SourceVersionDate "2023.10.10"]
[SourceQuality "1"]
[WhiteTeam "Frydek Mistek  III"]
[BlackTeam "Ostrava Labortech II"]
[WhiteTeamCountry "CZE"]
[BlackTeamCountry "CZE"]

1. e4 e5 2. Nf3 Nf6 3. Nxe5 d6 4. Nf3 Nxe4 5. d4 d5 6. Bd3 Nc6 7. 0-0 Be7 8. c4 Nf6 9. h3 0-0 10. Nc3 Nb4 11. Be2 dxc4 12. Bxc4 c6 13. a3 Nbd5 14. Bg5 Nxc3 15. bxc3 Nd5 16. Bxe7 Qxe7 17. Re1 Qd6 18. Ne5 Be6 19. Qf3 f6 20. Nd3 Rae8 21. Nc5 b6 22. Rxe6 Rxe6 23. Nxe6 Qxe6 24. Bb3 Kh8 25. c4 Nc7 26. c5 Nd5 27. Bxd5 cxd5 28. cxb6 axb6 29. Rb1 h6 30. Rb5 Rd8 31. Kh2 Rd7 32. a4 Kg8 33. Qd3 Rd6 34. a5 bxa5 35. Rb8+ Kf7 36. Qh7 Rb6 37. Rg8 Qd6+ 38. g3 Ke6 39. Qxg7 Qd7 40. Qxh6 Rb7 41. Ra8 Ra7 42. Rb8 Qe7 43. Rb6+ Kd7 44. Rxf6 a4 45. Qg6 Kc8 46. Qg8+ 1-0

[Event "Karvina op"]
[Site "Karvina"]
[Date "2017.07.06"]
[Round "6"]
[White "Tomaszewski, Kacper"]
[Black "Kozelsky, Marek"]
[Result "1-0"]
[WhiteElo "2182"]
[BlackElo "1999"]
[PlyCount "57"]
[EventDate "2017.07.01"]
[EventType "swiss"]
[EventRounds "9"]
[EventCountry "CZE"]
[SourceTitle "EXT 2018"]
[Source "ChessBase"]
[SourceDate "2017.10.13"]
[SourceVersion "1"]
[SourceVersionDate "2017.10.13"]
[SourceQuality "1"]

1. d4 Nf6 2. c4 e6 3. Nc3 d5 4. cxd5 exd5 5. Bg5 Be7 6. e3 c6 7. Bd3 Nbd7 8. Qc2 Nf8 9. Nf3 g6 10. h3 Ne6 11. Bh4 Ng7 12. 0-0 Bf5 13. Rab1 0-0 14. b4 a6 15. a4 Nfe8 16. Bxe7 Qxe7 17. b5 axb5 18. axb5 Nd6 19. Bxf5 Ngxf5 20. bxc6 bxc6 21. Ne5 Rfc8 22. Na4 Rc7 23. Nb6 Ra6 24. Rfc1 Qg5 25. Nf3 Qh6 26. Nxd5 Rca7 27. Nf6+ Kg7 28. Ng4 Qh5 29. d5 1-0

[Event "Orlova op 14th"]
[Site "Orlova"]
[Date "2017.05.24"]
[Round "5"]
[White "Kozelsky, Marek"]
[Black "Orzechowski, Michal"]
[Result "1-0"]
[WhiteElo "1974"]
[BlackElo "1583"]
[PlyCount "75"]
[EventDate "2017.05.20"]
[EventType "swiss"]
[EventRounds "9"]
[EventCountry "CZE"]
[SourceTitle "CBM 178 Extra"]
[Source "ChessBase"]
[SourceDate "2017.06.22"]
[SourceVersion "1"]
[SourceVersionDate "2017.06.22"]
[SourceQuality "1"]

1. b3 d5 2. Bb2 Nf6 3. Nf3 e6 4. e3 Be7 5. Be2 0-0 6. 0-0 c5 7. c4 Nc6 8. d4 b6 9. Nbd2 Bb7 10. Rc1 Rc8 11. Bd3 Nb4 12. Bb1 dxc4 13. Nxc4 Be4 14. a3 Bxb1 15. Rxb1 Nc6 16. dxc5 Bxc5 17. Qxd8 Rfxd8 18. Bxf6 gxf6 19. b4 Bf8 20. b5 Nd4 21. Nxd4 Rxc4 22. Rb3 Rd5 23. g3 e5 24. Nf3 Bc5 25. Rfb1 e4 26. Ne1 Rd2 27. Kf1 Ra2 28. R1b2 Rxb2 29. Rxb2 Bxa3 30. Ra2 Bc5 31. Nc2 Kg7 32. Ke2 Kg6 33. Kd1 Bb4 34. Ra4 Rxc2 35. Kxc2 Be1 36. Rxa7 Bxf2 37. Kd2 Bg1 38. Ke2 1-0

[Event "Orlova op 14th"]
[Site "Orlova"]
[Date "2017.05.22"]
[Round "3"]
[White "Kozelsky, Marek"]
[Black "Adamczyk, Zuzanna"]
[Result "1/2-1/2"]
[WhiteElo "1974"]
[BlackElo "1700"]
[PlyCount "82"]
[EventDate "2017.05.20"]
[EventType "swiss"]
[EventRounds "9"]
[EventCountry "CZE"]
[SourceTitle "CBM 178 Extra"]
[Source "ChessBase"]
[SourceDate "2017.06.22"]
[SourceVersion "1"]
[SourceVersionDate "2017.06.22"]
[SourceQuality "1"]

1. f4 d5 2. Nf3 Nf6 3. e3 Bf5 4. b3 e6 5. Bb2 Nbd7 6. Be2 h6 7. a4 Be7 8. 0-0 0-0 9. Kh1 Ne4 10. d3 Nd6 11. Nbd2 Bh7 12. g4 g5 13. Rg1 f6 14. Qe1 c5 15. h4 Rf7 16. Qg3 Bf8 17. Raf1 Qe7 18. Rg2 Bg6 19. Rgf2 Rc8 20. c4 Rd8 21. Ne1 dxc4 22. Nxc4 Nxc4 23. dxc4 Be4+ 24. Bf3 Bxf3+ 25. Qxf3 gxh4 26. Rh2 Bg7 27. Qf2 f5 28. Bxg7 Rxg7 29. Rxh4 fxg4 30. Qg3 Nf6 31. Rxh6 Kf7 32. Qh4 Rf8 33. Nd3 Ke8 34. Ne5 Qd8 35. f5 g3 36. Kg1 Qd2 37. Ng6 Qxe3+ 38. Kg2 Qe2+ 39. Kg1 Qe3+ 40. Kg2 Qe2+ 41. Kg1 Qe3+ 1/2-1/2

[Event "Karvina op"]
[Site "Karvina"]
[Date "2016.07.09"]
[Round "8"]
[White "Kozelsky, Marek"]
[Black "Horvath, Tomas"]
[Result "1/2-1/2"]
[WhiteElo "1927"]
[BlackElo "2007"]
[PlyCount "107"]
[EventDate "2016.07.02"]
[EventType "swiss"]
[EventRounds "9"]
[EventCountry "CZE"]
[SourceTitle "EXT 2017"]
[Source "ChessBase"]
[SourceDate "2016.10.25"]
[SourceVersion "1"]
[SourceVersionDate "2016.10.25"]
[SourceQuality "1"]

1. e4 d6 2. d4 Nf6 3. Nc3 e5 4. Nf3 Nbd7 5. Bc4 Be7 6. 0-0 0-0 7. h3 c6 8. a4 b6 9. Qe2 a6 10. Rd1 Qc7 11. b3 Bb7 12. d5 cxd5 13. Nxd5 Nxd5 14. Bxd5 Bxd5 15. Rxd5 f5 16. exf5 Rxf5 17. c4 Raf8 18. Be3 Qc6 19. Qc2 g6 20. Ne1 Nf6 21. Rd2 h5 22. Rad1 Kg7 23. Re2 Rc8 24. Qd3 Kh7 25. f3 h4 26. Bf2 Nh5 27. Qe4 Nf4 28. Red2 Rff8 29. Nd3 Ne6 30. Qxc6 Rxc6 31. Nb4 Rcc8 32. Nxa6 Nc5 33. Nxc5 bxc5 34. Rd3 Ra8 35. Ra1 Ra6 36. Be1 Rfa8 37. Kf1 Kg7 38. Ke2 Kf7 39. Kd1 Bf6 40. Ra2 Ke6 41. Re2 g5 42. Bd2 Kf5 43. Kc2 R8a7 44. Bc3 Be7 45. Rd1 Rb7 46. Re4 Bf8 47. Rg4 Rab6 48. Rb1 Be7 49. Be1 Rb8 50. Bd2 R8b7 51. a5 Ra6 52. Ra1 Bd8 53. Ra4 Rba7 54. Kb2 1/2-1/2

[Event "Karvina op"]
[Site "Karvina"]
[Date "2016.07.05"]
[Round "4"]
[White "Kozelsky, Marek"]
[Black "Ochmyt, Jakub"]
[Result "1-0"]
[WhiteElo "1927"]
[BlackElo "1532"]
[PlyCount "49"]
[EventDate "2016.07.02"]
[EventType "swiss"]
[EventRounds "9"]
[EventCountry "CZE"]
[SourceTitle "EXT 2017"]
[Source "ChessBase"]
[SourceDate "2016.10.25"]
[SourceVersion "1"]
[SourceVersionDate "2016.10.25"]
[SourceQuality "1"]

1. e4 e6 2. d4 d5 3. Nd2 c5 4. Ngf3 Nc6 5. exd5 exd5 6. Bb5 Nf6 7. Qe2+ Be7 8. Ne5 Bd7 9. Nxd7 Nxd7 10. dxc5 Nxc5 11. Nb3 Ne6 12. Be3 Qc7 13. 0-0-0 a6 14. Bd3 d4 15. Bd2 0-0-0 16. Bf5 Qe5 17. Qxe5 Nxe5 18. Rhe1 Bf6 19. Bf4 Ng6 20. Rxe6 fxe6 21. Bxe6+ Rd7 22. Bg3 Bg5+ 23. Kb1 Re8 24. Bxd7+ Kxd7 25. Nxd4 1-0

[Event "Karvina op"]
[Site "Karvina"]
[Date "2016.07.04"]
[Round "3"]
[White "Zwardon, Vojtech"]
[Black "Kozelsky, Marek"]
[Result "1-0"]
[WhiteElo "2421"]
[BlackElo "1927"]
[PlyCount "41"]
[EventDate "2016.07.02"]
[EventType "swiss"]
[EventRounds "9"]
[EventCountry "CZE"]
[SourceTitle "EXT 2017"]
[Source "ChessBase"]
[SourceDate "2016.10.25"]
[SourceVersion "1"]
[SourceVersionDate "2016.10.25"]
[SourceQuality "1"]

1. c4 e6 2. Nc3 d5 3. d4 c6 4. e4 dxe4 5. Nxe4 Bb4+ 6. Bd2 Qxd4 7. Bxb4 Qxe4+ 8. Be2 Qxg2 9. Bf3 Qg5 10. Ne2 Ne7 11. Rg1 Qf6 12. Nc3 Nf5 13. Ne4 Qd8 14. Qe2 Na6 15. Rd1 Qb6 16. Bc3 f6 17. Bh5+ Kf8 18. Qd2 Bd7 19. Qxd7 Qc7 20. Qxc7 Nxc7 21. Bb4+ 1-0

[Event "Orlova op 13th"]
[Site "Orlova"]
[Date "2016.05.28"]
[Round "8"]
[White "Szotkowski, David"]
[Black "Kozelsky, Marek"]
[Result "1-0"]
[WhiteElo "1587"]
[BlackElo "1951"]
[PlyCount "43"]
[EventDate "2016.05.21"]
[EventType "swiss"]
[EventRounds "9"]
[EventCountry "CZE"]
[SourceTitle "EXT 2017"]
[Source "ChessBase"]
[SourceDate "2016.10.25"]
[SourceVersion "1"]
[SourceVersionDate "2016.10.25"]
[SourceQuality "1"]

1. d4 f5 2. Qd3 e6 3. g4 fxg4 4. h3 Qh4 5. Nc3 Bb4 6. Bg2 Nf6 7. Bd2 a6 8. hxg4 Qxg4 9. Bf3 Qf5 10. e4 Qg6 11. Nh3 h6 12. Nf4 Qh7 13. 0-0-0 Nc6 14. Rdg1 e5 15. Ng6 exd4 16. Nd5 Bxd2+ 17. Qxd2 Kd8 18. Nxh8 Nxd5 19. Nf7+ Ke7 20. exd5 Kxf7 21. Qf4+ Kg8 22. Be4 1-0

[Event "Orlova op 13th"]
[Site "Orlova"]
[Date "2016.05.22"]
[Round "2"]
[White "Kozelsky, Marek"]
[Black "Vesselovsky, Serguei"]
[Result "1/2-1/2"]
[WhiteElo "1951"]
[BlackElo "2350"]
[PlyCount "160"]
[EventDate "2016.05.21"]
[EventType "swiss"]
[EventRounds "9"]
[EventCountry "CZE"]
[SourceTitle "CBM 172 Extra"]
[Source "ChessBase"]
[SourceDate "2016.06.21"]
[SourceVersion "1"]
[SourceVersionDate "2016.06.21"]
[SourceQuality "1"]

1. d4 g6 2. c4 Bg7 3. Nc3 c5 4. d5 Bxc3+ 5. bxc3 f5 6. a4 Nf6 7. Nf3 Qa5 8. Qc2 d6 9. Nd2 0-0 10. Nb3 Qc7 11. a5 e6 12. Bh6 Re8 13. dxe6 Bxe6 14. e3 Nc6 15. Be2 Nd7 16. 0-0 Nde5 17. Ra4 Qf7 18. Nd2 Qf6 19. Bf4 g5 20. Bxe5 dxe5 21. e4 f4 22. Rb1 Nd8 23. Qd1 Bd7 24. Ra2 Bc6 25. Bh5 Rf8 26. Qe2 Ne6 27. Nb3 Ng7 28. Bg4 Qe7 29. Rd1 Rad8 30. Rad2 b6 31. axb6 axb6 32. Rb1 Rxd2 33. Nxd2 Qc7 34. h3 Be8 35. Qd1 Rf6 36. Be2 Rd6 37. Qc2 Bg6 38. Nf3 Qe7 39. Rd1 Rxd1+ 40. Bxd1 Ne8 41. Qd3 Nf6 42. Nd2 Qd7 43. Qxd7 Nxd7 44. Ba4 Nf6 45. f3 Kf7 46. Kf2 Ke6 47. Nb3 Kd6 48. Nc1 h5 49. Nd3 g4 50. hxg4 hxg4 51. Bb5 Ne8 52. Ke2 Nc7 53. Nb2 Ne6 54. Nd3 Ng5 55. Ne1 g3 56. Ba4 Bh5 57. Kf1 Bf7 58. Bb5 Ne6 59. Nc2 Nc7 60. Na3 Bh5 61. Ba4 Bf7 62. Ke2 Be6 63. Bc2 Bd7 64. Bd3 Ba4 65. Kd2 Ne6 66. Bc2 Bd7 67. Ke2 Ng5 68. Bd3 Be8 69. Nb1 Kc6 70. Nd2 Kb7 71. Bc2 Nf7 72. Nb3 Nd6 73. Bd3 Ka6 74. Kd1 Ba4 75. Kc2 Nb7 76. Kb2 Na5 77. Nxa5 bxa5 78. Bc2 Bd7 79. Bd3 Kb6 80. Ka3 Kc7 1/2-1/2

[Event "Karvina op"]
[Site "Karvina"]
[Date "2014.07.06"]
[Round "9"]
[White "Kozelsky, Marek"]
[Black "Wiewiorkowski, Dariusz"]
[Result "1/2-1/2"]
[WhiteElo "1899"]
[BlackElo "2102"]
[PlyCount "75"]
[EventDate "2014.06.28"]
[EventType "swiss"]
[EventRounds "9"]
[EventCountry "CZE"]
[SourceTitle "CBM 161 Extra"]
[Source "ChessBase"]
[SourceDate "2014.08.29"]
[SourceVersion "1"]
[SourceVersionDate "2014.08.29"]
[SourceQuality "1"]

1. e4 c5 2. Nf3 d6 3. d4 cxd4 4. Nxd4 Nf6 5. Nc3 a6 6. Bg5 e6 7. f4 Be7 8. Qf3 Qc7 9. 0-0-0 Bd7 10. g4 Nc6 11. Nb3 0-0-0 12. Bg2 Kb8 13. Kb1 h6 14. Bh4 g5 15. Bg3 gxf4 16. Bf2 e5 17. h3 Rc8 18. Rd2 Na5 19. Nxa5 Qxa5 20. Rhd1 Be6 21. Nd5 Nxd5 22. exd5 Bd7 23. Bf1 f5 24. gxf5 Bxf5 25. Bd3 Bxd3 26. Qxd3 Qd8 27. c4 Bh4 28. Bg1 Qe7 29. c5 e4 30. cxd6 Qh7 31. Qd4 e3+ 32. Rd3 Qf5 33. d7 Rcd8 34. Bxe3 fxe3 35. Qxh4 e2 36. Qg3+ Ka8 37. Re1 Rxd7 38. Qf3 1/2-1/2

[Event "Karvina op"]
[Site "Karvina"]
[Date "2014.07.05"]
[Round "8"]
[White "Kolar, Stanislav"]
[Black "Kozelsky, Marek"]
[Result "1-0"]
[WhiteElo "2057"]
[BlackElo "1899"]
[PlyCount "59"]
[EventDate "2014.06.28"]
[EventType "swiss"]
[EventRounds "9"]
[EventCountry "CZE"]
[SourceTitle "CBM 161 Extra"]
[Source "ChessBase"]
[SourceDate "2014.08.29"]
[SourceVersion "1"]
[SourceVersionDate "2014.08.29"]
[SourceQuality "1"]

1. e4 c5 2. Nf3 e6 3. Nc3 a6 4. a4 Nc6 5. Be2 Qc7 6. d3 Nf6 7. Bg5 Be7 8. Qd2 b6 9. h3 Bb7 10. 0-0 0-0 11. Rfe1 Nd4 12. Bf4 d6 13. Bd1 e5 14. Bh2 Bc6 15. Nxd4 cxd4 16. Ne2 b5 17. c3 dxc3 18. bxc3 Qa5 19. f4 Nd7 20. Bc2 bxa4 21. d4 exd4 22. Nxd4 Bb5 23. e5 dxe5 24. fxe5 Nc5 25. Kh1 Rfd8 26. Qe3 Ne6 27. Nf5 Bg5 28. Qe4 Qxc3 29. Nd6 Bd3 30. Bxd3 1-0

[Event "Karvina op"]
[Site "Karvina"]
[Date "2014.06.29"]
[Round "2"]
[White "Kozelsky, Marek"]
[Black "Neumann, Filip"]
[Result "1-0"]
[WhiteElo "1899"]
[BlackElo "1436"]
[PlyCount "43"]
[EventDate "2014.06.28"]
[EventType "swiss"]
[EventRounds "9"]
[EventCountry "CZE"]
[SourceTitle "CBM 161 Extra"]
[Source "ChessBase"]
[SourceDate "2014.08.29"]
[SourceVersion "1"]
[SourceVersionDate "2014.08.29"]
[SourceQuality "1"]

1. e4 c5 2. Nf3 d6 3. d4 cxd4 4. Nxd4 Nf6 5. Nc3 e6 6. Bg5 Be7 7. f4 a6 8. Qf3 Nbd7 9. 0-0-0 0-0 10. Bd3 Re8 11. g4 Nc5 12. Bh4 Nxd3+ 13. Rxd3 Nd7 14. Bxe7 Rxe7 15. Nb3 Qc7 16. Rhd1 Nf8 17. Rxd6 Rd7 18. e5 f6 19. Na4 Ng6 20. Qe4 Rb8 21. Nac5 Rxd6 22. exd6 1-0

[Event "Ostrava Konik op"]
[Site "Ostrava"]
[Date "2014.04.27"]
[Round "2"]
[White "Hotarek, Jaroslav"]
[Black "Kozelsky, Marek"]
[Result "0-1"]
[WhiteElo "1668"]
[BlackElo "1933"]
[PlyCount "106"]
[EventDate "2014.04.26"]
[EventType "swiss"]
[EventRounds "9"]
[EventCountry "CZE"]
[SourceTitle "CBM 160 Extra"]
[Source "ChessBase"]
[SourceDate "2014.07.01"]
[SourceVersion "1"]
[SourceVersionDate "2014.07.01"]
[SourceQuality "1"]

1. d4 d5 2. e3 Nf6 3. c4 e6 4. Nf3 c6 5. Nc3 Bd6 6. c5 Bc7 7. g3 Nbd7 8. Bg2 0-0 9. 0-0 Re8 10. Qd2 e5 11. b4 a6 12. Bb2 e4 13. Ng5 Ng4 14. Nh3 Qf6 15. Nf4 Qh6 16. Bh3 Nxe3 17. fxe3 Bxf4 18. Rxf4 Qxh3 19. Qg2 Qh6 20. Qf2 Nf6 21. Rh4 Qg6 22. Ne2 Ng4 23. Qf4 Qe6 24. h3 Nh6 25. g4 f6 26. Rxh6 gxh6 27. Qxh6 f5 28. Qg5+ Qg6 29. Qh4 h6 30. Rf1 Qg5 31. Qxg5+ hxg5 32. gxf5 Rf8 33. Ng3 Rf6 34. Kg2 Bd7 35. Nh5 Rh6 36. Ng3 Rf8 37. Bc3 Rhf6 38. Be1 Bxf5 39. Nxf5 Rxf5 40. Rxf5 Rxf5 41. a4 Rf3 42. Bd2 Kh7 43. Bc1 Kg6 44. Bd2 Kh5 45. a5 Kh6 46. Bc1 Kg6 47. Bd2 Kh5 48. Bc1 Kh4 49. Bd2 Rg3+ 50. Kh2 Rxh3+ 51. Kg2 g4 52. Be1+ g3 53. Kg1 Rh2 0-1